书目信息 |
| 题名: |
考研英语词汇速记手册
|
|
| 作者: | ;考研英语研究组 编 | |
| 分册: | ||
| 出版信息: | 北京 高等教育出版社 2007.03 |
|
| 页数: | 398页 | |
| 开本: | 21cm | |
| 丛书名: | 名师导学系列 | |
| 单 册: | ||
| 中图分类: | H313.1 | |
| 科图分类: | ||
| 主题词: | 英语--ying yu--词汇--研究生--入学考试--升学参考资料 | |
| 电子资源: | ||
| ISBN: | 978-7-04-021371-3 | |
| 000 | 00920nam 2200253 450 | |
| 001 | 012008408735 | |
| 005 | 20080424095919.49 | |
| 010 | @a978-7-04-021371-3@dCNY25.00 | |
| 100 | @a20080422d2007 em y0chiy0120 ea | |
| 101 | 0 | @achi@aeng |
| 102 | @aCN@b110000 | |
| 105 | @ay z 000yy | |
| 106 | @ar | |
| 200 | 1 | @a考研英语词汇速记手册@Akao yan ying yu ci hui su ji shou ce@e2008年版@f考研英语研究组@Fkao yan ying yu yan jiu zu |
| 210 | @a北京@c高等教育出版社@d2007.03 | |
| 215 | @a398页@d21cm | |
| 225 | 2 | @a名师导学系列@Aming shi dao xue xi lie |
| 330 | @a本书按照最新版考研大纲的词汇表编写,对原有大纲的词意作了修订和补充,并在书后附上大量词汇练习题。 | |
| 410 | 0 | @12001 @a名师导学系列 |
| 606 | 0 | @a英语@Aying yu@x词汇@x研究生@x入学考试@j升学参考资料 |
| 690 | @aH313.1@v4 | |
| 711 | 02 | @a考研英语研究组@Akao yan ying yu yan jiu zu@4编 |
| 801 | 0 | @aCN@bQSSK@c20080424 |
| 905 | @b296159-73@dH313.1@eK333@f15 | |
| 考研英语词汇速记手册:2008年版/考研英语研究组.-北京:高等教育出版社,2007.03 |
| 398页;21cm.-(名师导学系列) |
| ISBN 978-7-04-021371-3:CNY25.00 |
| 本书按照最新版考研大纲的词汇表编写,对原有大纲的词意作了修订和补充,并在书后附上大量词汇练习题。 |
| ● |
| 相关链接 |
|
|
|
正题名:考研英语词汇速记手册
索取号:H313.1/K333
 
预约/预借
| 序号 | 登录号 | 条形码 | 馆藏地/架位号 | 状态 | 备注 |
| 1 | 296159 | 202961599 | 语言库209/ [索取号:H313.1/K333] | 在馆 | |
| 2 | 296160 | 202961606 | 语言库209/209语言库 32排5列2层/ [索取号:H313.1/K333] | 在馆 | |
| 3 | 296161 | 202961615 | 语言库209/209语言库 32排5列2层/ [索取号:H313.1/K333] | 在馆 | |
| 4 | 296162 | 202961624 | 自科二线404/404自科库 30排1列3层/ [索取号:H313.1/K333] | 在馆 | |
| 5 | 296163 | 202961633 | 自科二线404/404自科库 30排1列3层/ [索取号:H313.1/K333] | 在馆 | |
| 6 | 296164 | 202961642 | 语言库209/209语言库 32排5列2层/ [索取号:H313.1/K333] | 在馆 | |
| 7 | 296165 | 202961651 | 语言库209/209语言库 32排5列2层/ [索取号:H313.1/K333] | 在馆 | |
| 8 | 296166 | 202961660 | 语言库209/209语言库 32排5列2层/ [索取号:H313.1/K333] | 在馆 | |
| 9 | 296167 | 202961679 | 语言库209/209语言库 32排5列2层/ [索取号:H313.1/K333] | 在馆 | |
| 10 | 296168 | 202961688 | 自科二线404/209语言库 32排5列1层/ [索取号:H313.1/K333] | 在馆 | |
| 11 | 296169 | 202961697 | 语言库209/209语言库 32排5列2层/ [索取号:H313.1/K333] | 在馆 | |
| 12 | 296170 | 202961704 | 自科二线404/209语言库 32排5列1层/ [索取号:H313.1/K333] | 在馆 | |
| 13 | 296171 | 202961713 | 自科二线404/209语言库 32排5列1层/ [索取号:H313.1/K333] | 在馆 | |
| 14 | 296172 | 202961722 | 语言库209/209语言库 32排5列2层/ [索取号:H313.1/K333] | 在馆 | |
| 15 | 296173 | 202961731 | 自科二线404/209语言库 32排5列1层/ [索取号:H313.1/K333] | 在馆 |